Cori maschili = Mužské sbory = Male choruses /
| Main Author: | |
|---|---|
| Format: | Musical Score Book |
| Language: | Czech English German |
| Published: |
Prague :
Supraphon,
[1983-]
|
| Edition: | Ed. secondo il complesso critico. |
| Series: | Janáček, Leoš, 1854-1928. Works. 1978 ;
řada C,sv. 1. |
| Subjects: |
MARC
| Tag | First Indicator | Second Indicator | Subfields |
|---|---|---|---|
| LEADER | 00000ccm a2200000 a 4500 | ||
| 001 | in00001403832 | ||
| 005 | 20151020053201.0 | ||
| 008 | 850411s1983 cs uua n cze | ||
| 010 | |a 85751397 | ||
| 019 | |a 17710751 | ||
| 028 | 2 | 2 | |a H 6713/p |b Supraphon |
| 028 | 0 | 2 | |a BA6847 |b Barenreiter |
| 035 | |a (OCoLC)13793472 | ||
| 035 | |9 AHM7308AM | ||
| 040 | |a DLC |c DLC |d OCL |d TXA |d UtOrBLW | ||
| 041 | 1 | |a cze |a eng |a ger |h cze |g cze |g eng |g fre |g ger |g rus | |
| 045 | 2 | |b d1873 |b d1898 | |
| 048 | |a cc04 | ||
| 048 | |a cc05 | ||
| 049 | |a TXAM | ||
| 050 | 0 | 0 | |a M1580.J18 |b C57 1983 |
| 100 | 1 | |a Janáček, Leoš, |d 1854-1928. | |
| 240 | 1 | 0 | |a Choral music. |k Selections |
| 245 | 1 | 0 | |a Cori maschili = |b Mužské sbory = Male choruses / |c Leoš Janáček. |
| 246 | 3 | 1 | |a Mužské sbory |
| 246 | 3 | 1 | |a Male choruses |
| 250 | |a Ed. secondo il complesso critico. | ||
| 254 | |a Partitura. | ||
| 264 | 1 | |a Prague : |b Supraphon, |c [1983-] | |
| 264 | 4 | |c ©1983- | |
| 300 | |a 1 score (156 pages) ; |c 31 cm. | ||
| 336 | |a notated music |b ntm |2 rdacontent | ||
| 337 | |a unmediated |b n |2 rdamedia | ||
| 338 | |a volume |b nc |2 rdacarrier | ||
| 500 | |a TTBB (principally) or TTBarBB. | ||
| 500 | |a Czech, English, and German words. | ||
| 500 | |a Reprint from Complete critical edition of the works of Janáček, series C (Praha : Supraphon, 1983). | ||
| 500 | |a Includes commentary in Czech, English, French, German, and Russian. | ||
| 505 | 1 | |a 1. Sbory z let 1873-1874 = Choruses from the years 1873-1874 ; Sbory z let 1875-1876 = Choruses from the years 1875-1876 ; Sbory z let 1877-1884(?) = Choruses from the years 1877-1884(?) ; Čtveřice mužských sborů = Four male partsongs ; Sbory z let 1888-1893 = Choruses from the years 1888-1893 ; Sbory z let 1894-1898 = Choruses from the years 1894-1898. | |
| 650 | 0 | |a Choruses, Secular (Men's voices, 4 parts), Unaccompanied. | |
| 650 | 0 | |a Choruses, Secular (Men's voices, 5 parts), Unaccompanied. | |
| 650 | 0 | |a Part songs, Czech. | |
| 800 | 1 | |a Janáček, Leoš, |d 1854-1928. |t Works. |f 1978 ; |v řada C,sv. 1. | |
| 999 | |a MARS | ||
| 999 | f | f | |s 3cc8078e-0ee5-3c0b-aed7-bb3d452d0c71 |i edff83ae-0b9d-39fb-a489-9116c662a71a |t 0 |
| 952 | f | f | |p ric |a Texas A&M University |b Rellis Campus |c Joint Library Facility |d Remote Storage |t 0 |e M1580.J18 C57 1983 |h Library of Congress classification |i unmediated -- volume |m A14822059111 |
| 998 | f | f | |a M1580.J18 C57 1983 |t 0 |l Remote Storage |